Egy újonnan induló autókozmetikai vállalkozás üzleti tervezése

Bibliográfiai részletek
Szerző: Karai Kornél
További közreműködők: Gajzágó Dr. Éva Judit
Dokumentumtípus: Projektmunka
Kulcsszavak:autó
autóipar
befektetés
innováció
stratégia
Online Access:http://dolgozattar.uni-bge.hu/60154

MARC

LEADER 00000nnm a2200000 i 4500
001 dolg60154
005 20260409150048.0
008 260409suuuu hu o 000 hun d
040 |a BGE Dolgozattár Repozitórium  |b hun 
041 |a hu 
100 1 |a Karai Kornél 
245 1 0 |a Egy újonnan induló autókozmetikai vállalkozás üzleti tervezése  |c Karai Kornél  |h [elektronikus dokumentum] 
516 |a Project_work 
520 3 |a Ez az üzleti terv egy innovatív, modern szemléletű, autómosó szolgáltatást nyújtó vállalkozás részletes bemutatását tartalmazza. A terv célja, hogy átfogó képet adjon a cég jelenlegi működéséről, növekedési stratégiájáról, pénzügyi helyzetéről és jövőbeli célkitűzéseiről, különös tekintettel a tervezett automata mosó bővítésre. A dokumentum elemzi a piaci környezetet, a célcsoport elérésének módszereit, a szolgáltatási folyamatot, a marketing- és értékesítési stratégiát, valamint a vállalat erőforrásait – beleértve az anyagi eszközöket, immateriális javakat és a humán erőforrást. A vállalkozás célja, hogy KKShine márkanéven stabil, több egységből álló hálózattá fejlődjön Budapest és vonzáskörzetében. A részletes pénzügyi tervek, likviditási számítások és költségbecslések alátámasztják a projekt megalapozottságát és befektetési potenciálját. A terv világosan bemutatja, hogyan válhat a cég versenyképes, ügyfélközpontú szereplővé a hazai autóápolási piacon, miközben a fenntarthatóság és az innováció szempontjait is szem előtt tartja. 
695 |a autó 
695 |a autóipar 
695 |a befektetés 
695 |a innováció 
695 |a stratégia 
700 1 |a Gajzágó Dr. Éva Judit  |e ths 
856 4 0 |u http://dolgozattar.uni-bge.hu/60154/1/Projektmunka_Karai_Korn%C3%A9l.pdf  |z Dokumentum-elérés 
856 4 0 |u http://dolgozattar.uni-bge.hu/60154/2/KM%20FOSZK%20b%C3%ADr%C3%A1lati%20lap%20KK.pdf  |z Dokumentum-elérés